Statistics for Countries with Earthquake Deaths

Click here to take the quiz!

General Stats

  • This quiz has been taken 36,512 times
  • The average score is 8 of 13

Answer Stats

#Country% Correct
21,000Japan
97%
92,000China
91%
150,000Indonesia
86%
33,000India
86%
5,400Thailand
68%
88,000Pakistan
67%
9,200Nepal
60%
28,000Iran
54%
130,000Haiti
53%
1,700Afghanistan
49%
35,000Sri Lanka
48%
2,300Algeria
10%
1,300El Salvador
9%

Score Distribution

Percentile by Number Answered

Percent of People with Each Score

Your Score History

You have not taken this quiz